Sports Quiz

Random Sports or Tennis Quiz

Sport by Numbers II Quiz Stats

 Plays Quiz Updated Aug 7, 2017

Also try: Sport by Numbers
Challenge
Share
Tweet
Embed
Score 0/55 Timer 06:00
0 Plays Today
% Correct
Tennis
89.8%
US Open
86.9%
Australia
84.7%
Wimbledon
83%
Australian Open
81.7%
Muhammad Ali
81.4%
French Open
81.3%
Miami Heat
81.1%
Miami Dolphins
80.5%
Javelin Throw
80.4%
India
79.2%
Tampa Bay Buccaneers
79.1%
Buccaneers
78.5%
Long Jump
78.4%
High Jump
75.6%
Badminton
75.1%
Discus Throw
73.7%
Shot Put
73.4%
Manchester United
72.9%
Miami Marlins
72.4%
Bears
71.5%
Bengals
70.6%
Orlando Magic
70.5%
Browns
69.1%
Jacksonville Jaguars
68.4%
New Zealand
68.3%
England
68.2%
Tampa Bay Rays
66.6%
% Correct
Big Ten
65.1%
Chelsea
64.3%
Bills
63.9%
Pakistan
63.7%
SEC
63.3%
Arsenal
62%
Broncos
61.6%
Triple Jump
61.4%
Pole Vault
60.7%
Liverpool
60%
ACC
60%
Florida Panthers
59.9%
George Foreman
59.1%
Tampa Bay Lightning
58.3%
Pac-12
57.8%
Table Tennis
57.4%
Big 12
56.6%
Hammer
56.4%
Bill Russell
53.7%
South Africa
45.9%
Sri Lanka
41.7%
Bangladesh
40.2%
West Indies
31%
Aston Villa
24.8%
Zimbabwe
24.2%
Leeds United
23.8%
Nottingham Forest
23.4%

You're not logged in!

Compare scores with friends on all Sporcle quizzes.
OR
Log In

You Might Also Like...

Show Comments

Extras

Top Quizzes Today


Score Distribution

Your Account Isn't Verified!

In order to create a playlist on Sporcle, you need to verify the email address you used during registration. Go to your Sporcle Settings to finish the process.

Report this User

Report this user for behavior that violates our Community Guidelines.

Details: